Tratado de las enfermedades infecciosas / (Record no. 84489)

MARC details
000 -LEADER
campo de control de longitud fija 00785nam a2200217 i 4500
001 - NÚMERO DE CONTROL
campo de control 84489
003 - IDENTIFICADOR DE NÚMERO DE CONTROL
campo de control ES-MaACL
005 - FECHA Y HORA DE LA ÚLTIMA TRANSACCIÓN
campo de control 20230906175025.0
007 - CAMPO FIJO DE DESCRIPCIÓN FÍSICA--INFORMACIÓN GENERAL
campo de control de longitud fija t|
008 - DATOS DE LONGITUD FIJA--INFORMACIÓN GENERAL
campo de control de longitud fija 041123s1935 sp ||||1| spa d
100 1# - ENTRADA PRINCIPAL--NOMBRE DE PERSONA
Nombre de persona Jochmann, Georg.
9 (RLIN) 66692
245 10 - MENCIÓN DEL TÍTULO
Título Tratado de las enfermedades infecciosas /
Mención de responsabilidad, etc. Georg Jochmann, C. Hegler ; publicado con la colaboración de B. Nocht y E. Paschen ; traducción de Francisco Piñero.
250 ## - MENCION DE EDICION
Mención de edición 2ª ed. alemán rev. y amp.
Resto de la mención de edición por C. Hegler.
260 ## - PUBLICACIÓN, DISTRIBUCIÓN, ETC.
Lugar de publicación, distribución, etc. Barcelona :
Nombre del editor, distribuidor, etc. [s.n.,
Fecha de publicación, distribución, etc. 1935] (
Fabricante Talleres Gráficos Ibero Americanos)
300 ## - DESCRIPCIÓN FÍSICA
Extensión XII, 1180 p. ;
Dimensiones 25 cm.
700 1# - ENTRADA AGREGADA--NOMBRE PERSONAL
Nombre de persona Hegler, Carl.
9 (RLIN) 62325
700 1# - ENTRADA AGREGADA--NOMBRE PERSONAL
Nombre de persona Nocht, Bernhard.
9 (RLIN) 85815
700 1# - ENTRADA AGREGADA--NOMBRE PERSONAL
Nombre de persona Paschen, E.
9 (RLIN) 89323
700 1# - ENTRADA AGREGADA--NOMBRE PERSONAL
Nombre de persona Piñero, Francisco.
9 (RLIN) 92274
852 ## - LOCALIZACIÓN
Ubicación ES-MaACL
Número de control de estantería E-1300
Holdings
Estatus retirado Estado de pérdida Estado de daño No para préstamo Biblioteca de origen Biblioteca actual Ubicación en estantería Fecha de adquisición Fuente de adquisición Total de préstamos Signatura topográfica completa Código de barras Visto por última vez Precio de reemplazo Tipo de ítem Koha
        Biblioteca del Ateneo de Madrid Biblioteca del Ateneo de Madrid Depósito 2 17/01/2008     E-1300 1088293 23/02/2023 23/02/2023 Libro impreso